Una retórica del silencio : funciones del lector y procedimientos de la lectura literaria /

Estudio sobre las distintas formas del silencio en el texto y la lectura, a uno y otro lado de esta relación literaria, desde la perspectiva de la retórica, disciplina entendida aquí en dos sentidos: como estudio de las especulaciones dialécticas de la mente y como arte del decir y la elocuencia.

Guardado en:
Detalles Bibliográficos
Autor principal: Block de Behar, Lisa (autor)
Formato: Libro
Idioma:Español
Publicado: México : Siglo XXI, 1984, c1984
Colección:(Lingüística y Teoría Literaria)
Temas:
Etiquetas: Agrega una etiqueta
Sin etiquetas, Sé el primero en etiquetar este registro!

MARC

LEADER 00000nam^a2200000^a^4500
001 000180568
005 20250521000000.0
009 20260310101902.487
020 |a 968-23-1267-1 
037 |a Acervo ITESO - Biblioteca 
041 |a ESP 
082 |a 809. 001  |b BLO 
100 |a Block de Behar, Lisa  |e (autor) 
245 1 4 |a Una retórica del silencio :  |b funciones del lector y procedimientos de la lectura literaria /  |c L. Block de Behar. 
264 4 |a México :  |b Siglo XXI,  |c 1984, c1984 
300 |a 258 p. 
336 |a texto  |b txt  |2 rdacontenido 
337 |a sin mediación  |b n  |2 rdamedio 
338 |a volumen  |b nc  |2 rdasoporte 
440 1 |a (Lingüística y Teoría Literaria) 
520 |a Estudio sobre las distintas formas del silencio en el texto y la lectura, a uno y otro lado de esta relación literaria, desde la perspectiva de la retórica, disciplina entendida aquí en dos sentidos: como estudio de las especulaciones dialécticas de la mente y como arte del decir y la elocuencia. 
649 |a XX 
650 |a Silencio 
650 |a Lectura 
650 |a Recepción y Apropiación de la Comunicación 
650 |a Creación (Literaria, Artística, etc.) 
650 |a Lingüística 
650 |a Literatura -  |x Teoría 
910 |a Fondo Armando Suárez Gómez 
920 |a Impresos - Libros 
930 |a Fondos Especiales 
940 |a Literatura 
905 |a 111 
901 |a 0700004587  |b IT2  |c ESP  |u 20250521 
902 |a https://opac.biblio.iteso.mx/vufind/Record/000180568